00835nam a22002177a 450000500170000001000150001702000110003203500130004303700130005608200120006910000180008124500740009926000530017327000470022630000670027349000590034050000980039950000500049765000350054771000350058220140219125527.0 aENG-108506 c400.00 aEN-92039 bDBAD/PUB a726.145 aMitra, Debala aTelkupi :cby Debala Mitraba submerged temple site in West Bengal /  aNew Delhi bArchaeological Survey of Indiac1969 aArchaeological Survey of IndiabNew Delhi  aviii, 77, xliii, [43] p. of plates : b1 folded map c29cm(Hb) aMemoirs of the Archaeological Survey of India ; no. 76 aArticles with reference to Telkupi, village located in Purulia District of West Bengal, India aIncludes bibliographical references and index aHindu templeszIndia zTelkupi aArchaeological Survey of India